000 00296nam a22001337a 4500
008 170919b xxu||||| |||| 00| 0 eng d
020 _a9780155065437
041 _aeng
080 _25 ED
_a7
100 _a44
101 _aART
245 _aCULTURE AND VALUES
_cREICH.J
942 _2udc
_cBK
999 _c28137
_d28137